| 000 | 00879cam a2200265 a 4500 | ||
|---|---|---|---|
| 001 | 1859204 | ||
| 003 | BD-DhUL | ||
| 005 | 20170511162430.0 | ||
| 008 | 820128s1963 ur b 001 0 eng d | ||
| 035 | _a1859204 | ||
| 040 |
_aVCAV _beng _cBD-DhUL _dBD-DhUL |
||
| 082 | 1 | 4 |
_a330 _219 _bRYE |
| 100 | 1 |
_aNikitin, P. _q(Petr) |
|
| 240 | 1 | 0 |
_aOsnovy politicheskoi ekonomii. _lEnglish |
| 245 | 1 | 0 |
_aFundamentals of political economy : _bpopular course / _cP. Nikitin ; translated and edited by Violet Dutt and Murad Saifulin. |
| 260 |
_aMoscow : _bForeign Languages Publishing House, _c[1963?]. |
||
| 300 |
_a403, [1] p. ; _c21 cm. |
||
| 504 | _aIncludes bibliographical references and index. | ||
| 650 | 0 | _aEconomics. | |
| 650 | 0 |
_aSocialism _xEconomic aspects. |
|
| 700 | 1 | _aDutt, Violet Lansbury. | |
| 700 | 1 | _aSaifulin, Murad. | |
| 942 |
_2ddc _cBK |
||
| 984 |
_aANL _c330 NIK |
||
| 999 |
_c195296 _d195296 |
||